Statystyki dla Polonia

Kliknij tutaj aby rozwiązać quiz!

Ogólne statystyki

  • Ten quiz został rozwiązany 55 razy
  • Średni wynik to 12 z 15

Statystyki odpowiedzi

HintOdpowiedź% Poprawnych
10Niemcy
100%
4USA
98%
5Wielka Brytania
94%
9Kanada
92%
14Rosja
92%
12Ukraina
92%
8Francja
88%
6Brazylia
82%
2Australia
80%
7Czechy
76%
13Litwa
76%
3Białoruś
75%
1Argentyna
73%
11Szwecja
73%
15Kazachstan
31%

Rozkład punktacji

Percentyl według liczby udzielonych odpowiedzi

Procent ludzi z każdym wynikiem

Twoja historia wyników

Nie rozwiązałeś tego quizu